000 00414nam a2200181Ia 4500
008 210210b1955 xxu||||| |||| 00| 0 eng d
041 _aeng
082 _a824/292
100 _a-
245 _aShakespeare survey No 8
260 _aCambridge
_bAt the University Press.
_c1955
650 _asurvey
650 _aShakespeare
650 _aNo
650 _a8
690 _aEnglish Criticism
906 _a014242
999 _c133373
_d133373